1485 1596 1427 1637 1904 1068 1905 1745 1678 1986 1460 1150 1703 1523 1824 1497 1899 1035 1842 1543 1778 1694 1205 1944 1653 1316 1096 1552 1723 1897 1005 1856 1486 1229 1564 1073 1383 1025 1205 1472 1899 1971 1254 1793 1599 1524 1082 1509 1271 1895 1510 1177 1735 1483 1171 1798 1742 1063 1292 1974 1545 1495 1877 1194 1743 1984 1057 1146 1363 1732 1584 1603 1298 1321 1523 1481 1792 1696 1981 1818 1981 1977 1962 1831 1752 1858 1092 1661 1127 1982 1277 1720 1438 1737 1305 1142 1355 1324 1241 BCNSPRNW ULIB Ver.6.0+V

เปลี่ยนเป็นภาษาไทย

Change to English
 แสดงรายละเอียดบรรณานุกรม
  กลับหน้าหลัก

Brief Record : Get Marc (ISO 2709) : E-mail record : QR code < ปิดหน้าต่าง
LEADER : 00000nam 2200000uu 4500
001    13399122200
003     ULIB
008    130109s2552||||th 000 0 tha d
060  4 ^aWK810^bส839ก
100    ^a ยุพิน เบ็ญจสุรัตน์วงศ์
110    ^aสมาคมผู้ให้ความรู้โรคเบาหวาน
245 00 ^aอินซูลิน/^cยุพิน เบ็ญจสุรัตน์วงศ์
250    ^aพิมพ์ครั้งที่ 5
260    ^aกรุงเทพฯ:^bสมาคมผู้ให้ความรู้โรคเบาหวาน,2552
300    ^a25 หน้า:^bภาพประกอบ
650  7 ^aโรคเบาหวาน
650  7 ^a อินซูลิน
710 1  ^aสมาคมผู้ให้ความรู้โรคเบาหวาน
945    ^p0^l0^i033398
995    ^aเกษร
999    ^aใช้งานได้ทุกระบบ
รายการนี้ยังไม่มีแท็ก
คุณยังไม่ได้ล็อกอิน คุณสามารถมีกิจกรรมร่วมกับเว็บไซต์ได้ แต่ต้องล็อกอินก่อน ::
  ล็อกอิน

รายการสื่อสารสนเทศ

ลำดับที่ ประเภท เลขเรียก/บาร์โค้ด สถานที่ สถานะ
1. วิทยาศาสตร์การแพทย์ และสุขภาพ
หนังสือสำรอง
สถานะ=หนังสือสำรอง
WK810 ส839ก ฉ.1 
  Barcode: 033398
ห้องสมุดวิทยาเขตสวรรค์ประชารักษ์
►หนังสือทั่วไป
บนชั้น

รายการใกล้เคียง
    ผู้แต่ง [ยุพิน เบ็ญจสุรัตน์วงศ์]

    หัวเรื่อง [โรคเบาหวาน]
    หัวเรื่อง [อินซูลิน]

BibComment


ยังไม่เคยถูกคอมเมนท์

คอมเมนท์ทรัพยากรรายการนี้
  คอมเมนท์: อินซูลิน ยุพิน ..


 Copyright 2026. Bcnsprnw @Library